Vista normal Vista MARC

Entrada Personal Name

Número de registros utilizados en: 1

001 - CONTROL NUMBER

  • control field: 42068

003 - CONTROL NUMBER IDENTIFIER

  • control field: OSt

005 - DATE AND TIME OF LATEST TRANSACTION

  • control field: 20220505163312.0

008 - FIXED-LENGTH DATA ELEMENTS

  • fixed length control field: 220505|| aca||aabn | a|a d

040 ## - CATALOGING SOURCE

  • Original cataloging agency: OSt
  • Transcribing agency: OSt

100 ## - HEADING--PERSONAL NAME

  • Personal name: Douglas Scotti, Alberto
  • Dates associated with a name: autor

670 ## - SOURCE DATA FOUND

  • Source citation: Work cat.: (OSt)29215: Douglas Scotti, Alberto autor, Cocina y ciencia / , 2011.